000 00992nam a22003017a 4500
003 CHAP
005 20220329141715.0
008 971013s1962 r 00010 d
010 _a72569
011 _a73541
035 _a83099
040 _cCHAP
082 _a337.6
_bB37
100 0 0 _aBaranyai, L.
_910062
245 _aConvenios de estabilización de las materias primas
260 _aMéxico, D. F. :
_bCEMLA,
_c1962
300 _a284 p.
590 _aBATCH-UPD
_b10
_c20130110
_lUCH01
_h0353
590 _aCONVERSION
_b10
_c20130109
_lUCH01
_h1340
650 1 4 _aMaterias primas.
_972962
700 0 _aMills, Joseph C.
_975857
901 _aBK
942 _cLIBRO
949 _a337.6 B37
_bBC
_cLIBRO
_d33724000351680
_eLIBRO
_fc.4
_h40758
_i83099
_si
949 _a337.6 B37
_bBC
_cLIBRO
_d33724000351698
_eLIBRO
_fc.3
_h33624
_i83099
_si
949 _a337.6 B37
_bBC
_cLIBRO
_d33724000351706
_eLIBRO
_fc.2
_h29971
_i83099
_si
949 _a337.6 B37
_bBC
_cLIBRO
_d33724000351714
_eLIBRO
_h4237
_i83099
_si
999 _c72569
_d72569